KOHA-Header-6

Essentials of Business Communication (Record no. 2832)

000 -LEADER
fixed length control field 00386nam a2200157Ia 4500
003 - CONTROL NUMBER IDENTIFIER
control field OSt
005 - DATE AND TIME OF LATEST TRANSACTION
control field 20211105104855.0
008 - FIXED-LENGTH DATA ELEMENTS--GENERAL INFORMATION
fixed length control field 190902s9999||||xx |||||||||||||| ||und||
020 ## - INTERNATIONAL STANDARD BOOK NUMBER
International Standard Book Number 978-981-4227-90-2
040 ## - CATALOGING SOURCE
Transcribing agency maju
100 ## - MAIN ENTRY--PERSONAL NAME
Personal name Mary Ellen Guffey
245 #0 - TITLE STATEMENT
Title Essentials of Business Communication
260 ## - PUBLICATION, DISTRIBUTION, ETC. (IMPRINT)
Place of publication, distribution, etc London
Name of publisher, distributor, etc Cengage Learning
Date of publication, distribution, etc 2008
300 ## - PHYSICAL DESCRIPTION
Extent 560
942 ## - ADDED ENTRY ELEMENTS (KOHA)
Koha item type Books
Source of classification or shelving scheme
Holdings
Withdrawn status Lost status Source of classification or shelving scheme Damaged status Not for loan Collection code Permanent Location Current Location Shelving location Date acquired Total Checkouts Full call number Barcode Date last seen Date checked out Price effective from Koha item type
          Business MAJU MAJU   2021-11-05 2 651.7 6496 2023-06-07 2023-06-06 2021-11-05 Business

Powered by Koha